000 00382nam a2200157Ia 4500
008 221030s9999 xx 000 0 und d
020 _a8175440996
041 _aEnglish
082 _a105.23
_bPat
100 _aB. Pattanayak
245 0 _aHuman Resource Training
_cby B. Pattanayak
260 _bWheeler Pub.
_aNew Delhi
_c1998
300 _a127
650 _aGeneral
942 _cBK
999 _c7373
_d7373